Vstát znovu se slepicema /

Hlavní autor: Ferris, Joshua, 1974-
Další autoři: Podaný, Richard, 1962-
Jazyk: Čeština
Vydáno: Praha : Mladá fronta, 2015
Vydání: První vydání
Témata:
Fyzický popis: 303 stran ; 22 cm
Knihy
Uloženo v:
LEADER 01529cam a2200457 i 4500
001 nkc20152751985
003 CZ PrNK
005 20160209090053.0
007 ta
008 151030s2015 xr g 000 f cze d
015 |a cnb002751985 
020 |a 978-80-204-3602-3  |q (vázáno) 
035 |a (OCoLC)944217810 
040 |a OSA001  |b cze  |d OLA001  |d ABA001  |e rda 
041 1 |a cze  |h eng 
072 7 |a 821.111(73)-3  |x Americká próza  |2 Konspekt  |9 25 
080 |a 821.111(73)-31  |2 MRF 
080 |a (0:82-311.5)  |2 MRF 
080 |a (0:82-313.1)  |2 MRF 
100 1 |a Ferris, Joshua,  |d 1974-  |7 xx0067329  |4 aut 
245 1 0 |a Vstát znovu se slepicema /  |c Joshua Ferris ; přeložil Richard Podaný 
250 |a První vydání 
264 1 |a Praha :  |b Mladá fronta,  |c 2015 
300 |a 303 stran ;  |c 22 cm 
336 |a text  |b txt  |2 rdacontent 
337 |a bez média  |b n  |2 rdamedia 
338 |a svazek  |b nc  |2 rdacarrier 
500 |a Přeloženo z angličtiny 
655 7 |a americké romány  |7 fd131796  |2 czenas 
655 7 |a humoristické romány  |7 fd132431  |2 czenas 
655 7 |a satirické romány  |7 fd133330  |2 czenas 
655 9 |a American fiction  |2 eczenas 
655 9 |a humorous novels  |2 eczenas 
655 9 |a satirical novels  |2 eczenas 
700 1 |a Podaný, Richard,  |d 1962-  |7 mzk2003183236  |4 trl 
910 2 |a BOA001  |b 2-1361.105 
920 |a 000670692  |z OSA001 
990 |a BK 
995 |a 01 
991 |b 201602  |c NOV 
996 6 |b 2610656530  |c 2-1361.105  |l MZK  |r Sklad / do 1 hodiny  |n 0  |p p.v.  |w 001540283  |u 000010  |a 1  |e BOA001  |j MZK50  |s P